Music Quiz

Random Music or Song Quiz
Score 0/82 Timer 12:00
0 Plays Today
Album Song % Correct
Waterloo (1974)Waterloo
91.7%
Arrival (1976)Dancing Queen
88.8%
ABBA (1975)Mamma Mia
82.6%
Super Trouper (1980)Super Trouper
82.3%
Voulez-Vous (1979)Voulez-Vous
81.1%
Ring Ring (1973)Ring Ring
75.7%
Arrival (1976)Money, Money, Money
66%
Super Trouper (1980)The Winner Takes It All
65.7%
ABBA: The Album (1977)Take a Chance on Me
61.7%
ABBA (1975)SOS
61.3%
Voulez-Vous (1979)Does Your Mother Know
60.3%
ABBA: The Album (1977)Thank You for the Music
57.3%
Arrival (1976)Knowing Me, Knowing You
56%
Voulez-Vous (1979)Chiquitita
55.2%
The Visitors (1981)The Visitors
54.3%
Arrival (1976)Arrival
53.7%
Waterloo (1974)Honey, Honey
53.6%
Voulez-Vous (1979)I Have a Dream
50.6%
Super Trouper (1980)Lay All Your Love on Me
50.1%
ABBA: The Album (1977)The Name of the Game
48.3%
The Visitors (1981)One of Us
46.6%
Arrival (1976)When I Kissed the Teacher
43.4%
Super Trouper (1980)Our Last Summer
41.6%
The Visitors (1981)Slipping Through My Fingers
40.9%
ABBA (1975)I Do, I Do, I Do, I Do, I Do
40.9%
Voulez-Vous (1979)Angeleyes
40.3%
ABBA: The Album (1977)Eagle
36.4%
Super Trouper (1980)Happy New Year
35.4%
Album Song % Correct
The Visitors (1981)When All Is Said and Done
34.1%
Super Trouper (1980)Andante, Andante
33.4%
Arrival (1976)Why Did It Have to Be Me?
30.9%
Arrival (1976)My Love, My Life
30%
Waterloo (1974)Hasta Mañana
29.3%
ABBA: The Album (1977)I Wonder (Departure)
28.8%
The Visitors (1981)Head over Heels
28.7%
Arrival (1976)Tiger
28.7%
Voulez-Vous (1979)Kisses of Fire
28.2%
ABBA (1975)So Long
26.9%
Ring Ring (1973)Nina, Pretty Ballerina
26.8%
Ring Ring (1973)People Need Love
26.5%
ABBA (1975)Rock Me
26.5%
ABBA (1975)Bang-A-Boomerang
26.4%
Waterloo (1974)King Kong Song
26.2%
Super Trouper (1980)On and on and On
26.2%
ABBA: The Album (1977)I'm a Marionette
25.6%
ABBA (1975)I've Been Waiting for You
25.5%
Ring Ring (1973)He Is Your Brother
24.9%
Arrival (1976)Dum Dum Diddle
24.8%
Arrival (1976)That's Me
24.8%
ABBA (1975)Hey, Hey Helen
24.4%
Ring Ring (1973)Another Town, Another Train
24.3%
Waterloo (1974)Dance (While the Music Still Goes On)
23.6%
Super Trouper (1980)The Way Old Friends Do (Live)
23.6%
The Visitors (1981)Soldiers
23.4%
Super Trouper (1980)The Piper
23.3%
ABBA: The Album (1977)One Man, One Woman
22.7%
Album Song % Correct
Voulez-Vous (1979)As Good as New
22.6%
Voulez-Vous (1979)The King Has Lost His Crown
22.3%
Ring Ring (1973)Disillusion
22.2%
ABBA: The Album (1977)Hole In Your Soul
21.7%
The Visitors (1981)Like an Angel Passing Through My Room
21.6%
Waterloo (1974)Sitting in the Palm Tree
21.5%
Super Trouper (1980)Me And I
21.4%
ABBA (1975)Intermezzo No. 1
21.1%
Voulez-Vous (1979)Lovers (Live a Little Longer)
21.1%
Voulez-Vous (1979)If It Wasn't for the Nights
20.8%
The Visitors (1981)Two for the Price of One
20.6%
ABBA: The Album (1977)Move On
20.5%
Ring Ring (1973)Me and Bobby and Bobby's Brother
20.5%
ABBA (1975)Tropical Loveland
20.3%
The Visitors (1981)I Let the Music Speak
20.2%
Waterloo (1974)What About Livingstone?
19.6%
Ring Ring (1973)I Am Just A Girl
19.6%
Waterloo (1974)My Mama Said
19.3%
Waterloo (1974)Suzy-Hang-Around
19.1%
Ring Ring (1973)Love Isn't Easy (But It Sure Is Hard Enough)
19%
ABBA (1975)Man in the Middle
18.7%
Ring Ring (1973)She's My Kind Of Girl
18.5%
Waterloo (1974)Gonna Sing You My Lovesong
18.3%
Ring Ring (1973)Rock'n Roll Band
18.3%
Ring Ring (1973)I Saw It in the Mirror
18.2%
Waterloo (1974)Watch Out
18.1%
Remove Ads.
Support Sporcle.
Get the best of Sporcle when you Go Orange. This ad-free experience offers more features, more stats, and more fun while also helping to support Sporcle. Thank you for becoming a member.

You're not logged in!

Compare scores with friends on all Sporcle quizzes.
OR
Log In

Show Comments

Extras

Top Quizzes Today


Score Distribution

Your Account Isn't Verified!

In order to create a playlist on Sporcle, you need to verify the email address you used during registration. Go to your Sporcle Settings to finish the process.

Report this User

Report this user for behavior that violates our Community Guidelines.

Details: